Tests y pruebas físicas (Registro nro. 54750)

Detalles MARC
000 -ENCABEZADO
Número de control [NR] 01164nam a2200337Ia 4500
005 - FECHA Y HORA DE LA ÚLTIMA TRANSACCIÓN
control field 20211105120528.0
008 - DE LONGITUD FIJA DE DATOS DE ELEMENTOS - INFORMACIÓN GENERAL
Elementos de longitud fija [NR] 130821s2005 sp ao gr spa
020 ## - NUMERO INTERNACIONAL NORMALIZADO PARA LIBROS [R]
Número Internacional Normalizado del libro [NR] 8480192690 (4a.Ed.)
040 ## - FUENTE DE CATALOGACION [NR]
Agencia de catalogación original [NR] Co-BoUCM
Idioma de catalogación [NR] spa
Quien Cataloga Jose A. Gerena (modificó)
Quien Clasifica [Nuevo]
041 00 - CODIGO DE IDIOMA [R]
Código de idioma para texto/pista de sonido o título separado [R] Español
060 00 - SIGNATURA TOPOGRAFICA DE LA BIBLIOTECA NACIONAL DE MEDICINA (NLM) [R]
Número clasificador [R] QT 255
100 1# - ASIENTO PRINCIPAL--NOMBRE PERSONAL [NR]
Nombre personal [NR] George, James D.
ID Autoridad 65155
245 10 - MENCION DE TITULO [NR]
Título [NR] Tests y pruebas físicas
Mención de responsabilidad, etc. [NR] James D. George, A. Garth Fisher, Pat R. Vehrs ; traducción Josep Padró
250 ## - MENCION DE EDICION [NR]
Mención de edición [NR] 4a ed
260 ## - PUBLICACION, DISTRIBUCION, ETC. (PIE DE IMPRENTA) [R]
Lugar de publicación, distribución, etc. [R] Barcelona (España)
Nombre del editor, distribuidor, etc. [R] Editorial Paidotribo
Fecha de publicación, distribución, etc. [R] 2005
300 ## - DESCRIPCION FISICA [R]
Extensión [R] 310 páginas
Otros detalles físicos [NR] ilustraciones, fotografías
490 #0 - MENCION DE SERIE [R]
Mención de serie [R] Colección Fitness
650 07 - ASIENTO SECUNDARIO DE MATERIA - TERMINO TEMATICO [R]
Término temático o nombre geográfico como elemento de entrada [NR] Ejercicio
9 (RLIN) 13933
650 07 - ASIENTO SECUNDARIO DE MATERIA - TERMINO TEMATICO [R]
Término temático o nombre geográfico como elemento de entrada [NR] Fatiga
9 (RLIN) 15600
650 07 - ASIENTO SECUNDARIO DE MATERIA - TERMINO TEMATICO [R]
Término temático o nombre geográfico como elemento de entrada [NR] Flexión (Fisiología)
9 (RLIN) 15975
650 07 - ASIENTO SECUNDARIO DE MATERIA - TERMINO TEMATICO [R]
Término temático o nombre geográfico como elemento de entrada [NR] Fuerza muscular
9 (RLIN) 16171
650 07 - ASIENTO SECUNDARIO DE MATERIA - TERMINO TEMATICO [R]
Término temático o nombre geográfico como elemento de entrada [NR] Medicina deportiva
9 (RLIN) 19146
650 07 - ASIENTO SECUNDARIO DE MATERIA - TERMINO TEMATICO [R]
Término temático o nombre geográfico como elemento de entrada [NR] Presión sanguínea
9 (RLIN) 22237
650 07 - ASIENTO SECUNDARIO DE MATERIA - TERMINO TEMATICO [R]
Término temático o nombre geográfico como elemento de entrada [NR] Ritmo cardiaco
9 (RLIN) 23823
690 ## - ASUNTO AGREGADO LOCAL DE ENTRADA - TÉRMINO TEMÁTICO (OCLC, RLIN)
Acceso temático local Medicina deportiva
9 (RLIN) 19146
700 1# - ASIENTO SECUNDARIO - NOMBRE PERSONAL [R]
Nombre personal [NR] Fisher, A. Garth.
9 (RLIN) 65156
700 1# - ASIENTO SECUNDARIO - NOMBRE PERSONAL [R]
Nombre personal [NR] Padró, Josep
9 (RLIN) 65157
700 1# - ASIENTO SECUNDARIO - NOMBRE PERSONAL [R]
Nombre personal [NR] Vehrs, Pat R.
9 (RLIN) 65158
765 1# - ASIENTO DE IDIOMA ORIGINAL [R]
Título [NR] Laboratory experiences in exercise science
942 ## - ELEMENTOS DE ENTRADA AGREGADOS (KOHA)
Tipo de ítem principal el descrito en 300a Libro
Tema principal Medicina
Edición 4
Parte restante de la signatura top. G347
Sistema de clasificación NLM
Clasificación QT 255
Título oculto en OPAC No
Existencias
Fecha de último préstamo Total préstamos Total Renewals Signatura topográfica Código de barras Última vez visto Volúmen / Fascículo Ejemplar Price effective from Tipo de ítem Perdido Sistema de clasificación Dañado No prestable Tipo de ítem específico Suprimido Ubicación habitual Ubicación actual Localización Fecha de creación Forma de adquisición Costo
19/09/2019 114 4 QT 255 G347 200010115 11/12/2025 3a. ed. Ej.1 03/02/2013 Libro   NLM     Libro   Quinta de Mutis Quinta de Mutis 1er piso 28/02/2004 Compra 101000.00
24/09/2019 74 30 QT 255 G347 200019838 11/12/2025 4a. Ed. Ej.2 03/02/2013 Libro   NLM     Libro   Quinta de Mutis Quinta de Mutis 1er piso 30/09/2010 Compra 80800.00
17/08/2021 57 20 QT 255 G347 200020713 05/05/2026 4a. Ed. Ej.7 03/02/2013 Libro   NLM     Libro   Quinta de Mutis Quinta de Mutis 1er piso 30/09/2010 Compra 105000.00
17/11/2021 56 16 QT 255 G347 200020712 11/12/2025 4a. Ed. Ej.6 03/02/2013 Libro   NLM     Libro   Quinta de Mutis Quinta de Mutis 1er piso 30/09/2010 Compra 105000.00
23/05/2024 9   QT 255 G347 200015759 11/12/2025 4a. Ed. Ej.1 03/02/2013 Libro de reserva   NLM     Libro de reserva   Quinta de Mutis Quinta de Mutis 1er piso 30/09/2008 Compra 77000.00
11/05/2026 84 15 QT 255 G347 200018859 21/05/2026 4a. Ed. Ej.3 03/02/2013 Libro   NLM     Libro   Quinta de Mutis Quinta de Mutis 1er piso 30/09/2009 Compra 101000.00
30/01/2020 67 18 QT 255 G347 200019302 11/12/2025 4a. Ed. Ej.4 03/02/2013 Libro   NLM     Libro   Quinta de Mutis Quinta de Mutis 1er piso 28/02/2013 Compra 101000.00